00522nam a22001812 4500001001100000005001700011008004100028020001700069040001500086245007100101250001300172260003000185300001700215650003700232650003600269700003200305852000300337000002030220151217161159.0110909s xx 000 0 eng d a0198806987 : aKABUcKABU14aThe Oxford dictionary of musical terms /cedited by Alison Latham. a1st ed. aOxford :bO. U. P,c2004. a205, [3] p. 0aMusicvDictionaries.@0000151926 0aMusicxTerminology.@00001804571 aLatham, Alison.@00000830061